Aircraft gas turbine engine technology (Record no. 280943)

000 -LEADER
fixed length control field 00263 a2200109 4500
001 - CONTROL NUMBER
control field 45870
082 ## - DEWEY DECIMAL CLASSIFICATION NUMBER
Classification number 621.433TRE
090 ## - LOCALLY ASSIGNED LC-TYPE CALL NUMBER (OCLC); LOCAL CALL NUMBER (RLIN)
-- 28969
-- 28969
100 ## - MAIN ENTRY--PERSONAL NAME
Personal name Treager Irwin E
245 ## - TITLE STATEMENT
Title Aircraft gas turbine engine technology
260 ## - PUBLICATION, DISTRIBUTION, ETC.
Place of publication, distribution, etc. New York
Name of publisher, distributor, etc. McGraw-Hill
942 ## - ADDED ENTRY ELEMENTS (KOHA)
Institution code [OBSOLETE] NUST-CAE
Call number prefix 621.433TRE
Holdings
Withdrawn status Lost status Damaged status Not for loan Collection code Permanent Location Current Location Date acquired Total Checkouts Full call number Barcode Date last seen Price effective from Koha item type
          College of Aeronautical Engineering (CAE) College of Aeronautical Engineering (CAE) 04/03/2017   621.433TRE CAE38313 04/05/2017 04/05/2017 Book
© 2023 Central Library, National University of Sciences and Technology. All Rights Reserved.